000 00304nam a22001337a 4500
020 _a9780241454145
082 _a813.6
_bKIN
100 _aKinney,Jeff
245 _aDiary of a wimpy kid big shot
260 _aUK:
_bPenguin random house,
_c2021,
300 _a217p.;
563 _aPB
942 _2ddc
_cBK
999 _c614780
_d614780